Сборник статей по сельскому хозяйству (для земледельцев Восточной Сибири). Вып.1 (Запись № 13479271)

Подробности
000 -МАРКЕР
контрольное поле 01324nam2a22002771 4500
001 - ИДЕНТИФИКАТОР ЗАПИСИ
контрольное поле RU\NLR\A1SV\29971
005 - ИДЕНТИФИКАТОР ВЕРСИИ
контрольное поле 20251203152403.2
035 ## - ДРУГИЕ СИСТЕМНЫЕ НОМЕРА
Идентификатор записи (NLR Aleph) 009713871
100 ## - ДАННЫЕ ОБЩЕЙ ОБРАБОТКИ
Данные общей обработки 20110205d1925 u y0rusy50 ca
101 0# - ЯЗЫК РЕСУРСА
Язык текста, звукозаписи и т.д. русский
200 0# - ЗАГЛАВИЕ И СВЕДЕНИЯ ОБ ОТВЕТСТВЕННОСТИ
Основное заглавие Вып.1
215 ## - ФИЗИЧЕСКАЯ ХАРАКТЕРИСТИКА
Специфическое обозначение материала и объем 86, [1] с.
300 ## - ОБЩИЕ ПРИМЕЧАНИЯ
Текст примечания Авт. ст.: агр. И.В.Николаев, агр. К.К.Лопатто, агр. Крам, К.М., агр. В.Н.Поносов, агр. Ив.М.Жуйков
461 #1 - УРОВЕНЬ НАБОРА
Встроенное поле 001RU\NLR\A1SV\29970
-- 2000#$aСборник статей по сельскому хозяйству (для земледельцев Восточной Сибири)$f[Иркут. губземупр. Отд. сел. хоз.]$vВып.1
Системный номер (АБИС) связанной записи 9846442
Место публикации Иркутск
Дата публикации 1925
Первые сведения об ответственности [Иркут. губземупр. Отд. сел. хоз.]
Имя издателя, распространителя и т.д. НКЗ. Иркут. губ. зем. упр.
Заглавие Сборник статей по сельскому хозяйству (для земледельцев Восточной Сибири)
Номер тома Вып.1
702 #1 - ИМЯ ЛИЦА - ВТОРИЧНАЯ ОТВЕТСТВЕННОСТЬ
Начальный элемент ввода Николаев
Часть имени, кроме начального элемента ввода И.В.
702 #1 - ИМЯ ЛИЦА - ВТОРИЧНАЯ ОТВЕТСТВЕННОСТЬ
Начальный элемент ввода Лопатто
Часть имени, кроме начального элемента ввода К.К.
702 #1 - ИМЯ ЛИЦА - ВТОРИЧНАЯ ОТВЕТСТВЕННОСТЬ
Начальный элемент ввода Крам
Часть имени, кроме начального элемента ввода К.М.
702 #1 - ИМЯ ЛИЦА - ВТОРИЧНАЯ ОТВЕТСТВЕННОСТЬ
Начальный элемент ввода Поносов
Часть имени, кроме начального элемента ввода В.Н.
702 #1 - ИМЯ ЛИЦА - ВТОРИЧНАЯ ОТВЕТСТВЕННОСТЬ
Начальный элемент ввода Жуйков
Часть имени, кроме начального элемента ввода И.М.
801 #0 - ИСТОЧНИК ЗАПИСИ
Страна российская федерация
Организация NLR
Дата составления 20110205
852 ## - МЕСТОНАХОЖДЕНИЕ И ШИФР ХРАНЕНИЯ
Идентификатор организации NLR
942 ## - ДОПОЛНИТЕЛЬНЫЕ ЭЛЕМЕНТЫ ЗАПИСИ (АБИС)
Тип экземпляра АБИС Книга
980 ## - КОЛЛЕКЦИЯ
Название коллекции Международный сводный каталог русской книги (1918-1926)
980 ## - КОЛЛЕКЦИЯ
Название коллекции Национальная библиография

Нет доступных экземпляров.